000
00318nam a2200145Ia 4500
008
191201s2009 xx 000 0 und d
082
_a
658.80285
_b
MAE
100
_a
MANN,Puja walia
245
0
_a
E-Commerce
250
_a
Rep
260
_a
Chennai
_b
MJP
_c
2009
300
_a
389
650
_a
MBA
942
_2
ddc
_c
BK
_0
3
999
_c
4366
_d
4366